|
|
|
|
| LEADER |
00000nas a2200000 a 4500 |
| 001 |
ssj0001255773 |
| 003 |
WaSeSS |
| 005 |
20200512172242.0 |
| 006 |
m d |
| 007 |
cr n |
| 008 |
140527c20129999fr ar ss i0 0eng c |
| 010 |
|
|
|a 2014233016
|
| 022 |
|
|
|a 2308-3387
|y 2308-3379
|
| 024 |
7 |
|
|a 10.1787/23083387
|2 doi
|
| 035 |
|
|
|a (WaSeSS)ssj0001255773
|
| 040 |
|
|
|a CEF
|b eng
|c CEF
|d OCLCO
|d GUA
|d DLC
|d OCLCF
|d OCLCQ
|d WNC
|d OCLCA
|d LVT
|d YOU
|d VT2
|d CNCGM
|d OCLCQ
|d WaSeSS
|
| 042 |
|
|
|a pcc
|
| 050 |
1 |
4 |
|a HD5764.A6
|b O58
|
| 130 |
0 |
|
|a OECD labour force statistics (Online)
|
| 245 |
1 |
0 |
|a OECD labour force statistics
|h [electronic resource].
|
| 260 |
|
|
|a Paris :
|b OECD,
|c ©2013-
|
| 310 |
|
|
|a Annual
|
| 362 |
1 |
|
|a Began with: 2012.
|
| 500 |
|
|
|a Although considered a minor title change, both print and online records (earlier/later) will be retained since both ISSN have been used.
|
| 506 |
|
|
|a License restrictions may limit access.
|
| 515 |
|
|
|a Each vol. published presents data covering a 10 year period (i.e., vol. published 2012 covers 2002-2011).
|
| 546 |
|
|
|a Also available in French.
|
| 588 |
|
|
|a Description based on: 2012 (publisher's Web site, viewed July 7, 2014); title from PDF title page.
|
| 588 |
|
|
|a Latest issue consulted: 2013 (publisher's Web site, viewed July 7, 2014).
|
| 650 |
|
0 |
|a Labor supply
|z OECD countries
|v Statistics
|v Periodicals.
|
| 650 |
|
7 |
|a Labor supply.
|2 fast
|0 (OCoLC)fst00990165
|
| 651 |
|
7 |
|a OECD countries.
|2 fast
|0 (OCoLC)fst01277092
|
| 653 |
|
|
|a Labour statistics --
|a OECD countries
|
| 653 |
|
|
|a Manpower statistics --
|a OECD countries
|
| 655 |
|
0 |
|a Electronic journals.
|
| 710 |
2 |
|
|a Organisation for Economic Co-operation and Development.
|
| 776 |
1 |
|
|t OECD labour force statistics
|x 2308-3379
|w (DLC) 2014252150
|w (OCoLC)859536601
|
| 780 |
0 |
0 |
|t Labour force statistics (Paris, France : Online)
|x 1996-2045
|w (OCoLC)61564982
|
| 856 |
4 |
0 |
|z Full text available from Research Library: 01/01/2010 to 12/31/2010
|u https://search.proquest.com/publication/2026417
|
| 856 |
4 |
0 |
|z Full text available from Research Library: 01/01/2012 to 6 months ago
|u https://search.proquest.com/publication/2026417
|